[Event "XtraCon-Skakligaen"]
[Site "Denmark"]
[Date "2013.01.27"]
[Round "6.7"]
[White "Jakobsen, Peter"]
[Black "Klitgaard, Thomas"]
[Result "1-0"]
[WhiteElo "2255"]
[BlackElo "2186"]
[PlyCount "101"]
[EventDate "2012.10.27"]
[EventType "team-tourn"]
[EventRounds "9"]
[WhiteTeam "Nordkalotten"]
[BlackTeam "Nordre"]
[WhiteTeamCountry "DEN"]
[BlackTeamCountry "DEN"]

1. d4 Nf6 2. c4 e6 3. Nf3 c5 4. d5 exd5 5. cxd5 d6 6. Nc3 g6 7. h3 a6 8. a4 Qe7
9. Bf4 Bg7 10. Nd2 Nh5 11. Bh2 O-O 12. Nc4 Rd8 13. e3 Nf6 14. Bd3 Ne8 15. O-O
Nd7 16. Qd2 Ne5 17. Nxe5 Bxe5 18. Bxe5 Qxe5 19. f4 Qe7 20. e4 Qh4 21. Rae1 Bxh3
22. gxh3 Qg3+ 23. Qg2 Qxd3 24. Rd1 Qe3+ 25. Kh1 c4 26. Rf3 Qc5 27. f5 b5 28.
fxg6 hxg6 29. Rdf1 Ra7 30. Qg5 Rdd7 31. h4 b4 32. Ne2 Re7 33. Ng3 Qd4 34. h5
Rxe4 35. Nxe4 Qxe4 36. hxg6 f6 37. Qf5 Qxf5 38. Rxf5 Re7 39. R5f4 c3 40. Rxb4
cxb2 41. Rxb2 Kg7 42. Rb6 Kxg6 43. Rxa6 Re5 44. Rd1 Kf5 45. a5 Ke4 46. Ra7 f5
47. a6 Nf6 48. Rb7 Ng4 49. Re1+ Ne3 50. Rxe3+ Kxe3 51. a7 1-0

[Event "XtraCon-Skakligaen"]
[Site "Denmark"]
[Date "2013.01.27"]
[Round "6.8"]
[White "Hoiberg, Nina"]
[Black "Ejsing, Esben"]
[Result "1-0"]
[WhiteElo "2196"]
[BlackElo "2159"]
[PlyCount "109"]
[EventDate "2012.10.27"]
[EventType "team-tourn"]
[EventRounds "9"]
[WhiteTeam "Nordre"]
[BlackTeam "Nordkalotten"]
[WhiteTeamCountry "DEN"]
[BlackTeamCountry "DEN"]

1. e4 e6 2. Nf3 c5 3. d4 cxd4 4. Nxd4 Nc6 5. Nc3 Qc7 6. Ndb5 Qb8 7. a4 a6 8.
Na3 Qc7 9. Be3 Nf6 10. Nc4 Bb4 11. Bd3 d5 12. Nb6 Rb8 13. exd5 Nxd5 14. Nbxd5
exd5 15. O-O Be6 16. Ne2 Bd6 17. h3 O-O 18. Nd4 Nxd4 19. Bxd4 Bc5 20. Qh5 g6
21. Qh4 Rbc8 22. Rfe1 Bxd4 23. Qxd4 Qc5 24. Qxc5 Rxc5 25. a5 Rd8 26. Re5 Kg7
27. Ra4 Kf6 28. f4 h6 29. Kf2 g5 30. Re3 d4 31. fxg5+ hxg5 32. Rf3+ Ke7 33. Ra3
Bc4 34. b4 Rc7 35. Ke2 Rdc8 36. Rf5 f6 37. Kf3 Be6 38. Rc5 Rxc5 39. bxc5 Bd5+
40. Be4 Rxc5 41. Bxd5 Rxd5 42. Ke4 Ke6 43. g4 Rc5 44. Rb3 Rxc2 45. Rxb7 Ra2 46.
Rb6+ Ke7 47. Rxa6 d3 48. Kxd3 Ra3+ 49. Ke4 Rxh3 50. Kf5 Rf3+ 51. Kg6 Rf4 52.
Ra8 Kd7 53. a6 Kc7 54. Rf8 Ra4 55. a7 1-0

[Event "XtraCon-Skakligaen"]
[Site "Denmark"]
[Date "2013.01.27"]
[Round "6.1"]
[White "Andersen, Mads"]
[Black "Rasmussen, Allan Stig"]
[Result "1-0"]
[WhiteElo "2461"]
[BlackElo "2511"]
[PlyCount "83"]
[EventDate "2012.10.27"]
[EventType "team-tourn"]
[EventRounds "9"]
[WhiteTeam "TeamNordeaSkb"]
[BlackTeam "Jetsmark"]
[WhiteTeamCountry "DEN"]
[BlackTeamCountry "DEN"]

1. c4 c6 2. Nf3 d5 3. e3 Nf6 4. Nc3 e6 5. b3 Bd6 6. Bb2 O-O 7. Be2 e5 8. cxd5
cxd5 9. Nb5 e4 10. Ne5 Ne8 11. Nxd6 Nxd6 12. f3 f6 13. Ng4 Bxg4 14. fxg4 Nc6
15. O-O Qb6 16. Qe1 d4 17. Qg3 Rad8 18. g5 f5 19. Kh1 Qa5 20. Rf2 f4 21. Qg4
Kh8 22. Raf1 f3 23. exd4 Qxa2 24. Bc3 Qxb3 25. gxf3 e3 26. Bd1 Qa3 27. Bc2 exf2
28. Qh3 Kg8 29. Qxh7+ Kf7 30. Qg6+ Ke7 31. d5 Kd7 32. dxc6+ Kxc6 33. Rxf2 Rde8
34. Kg2 Qc5 35. h4 Rf4 36. Qxg7 Rxh4 37. d4 Qd5 38. Ba4+ b5 39. Ba5 Qc4 40. d5+
Kxd5 41. Bb3 Reh8 42. Rd2+ 1-0

[Event "XtraCon-Skakligaen"]
[Site "Denmark"]
[Date "2013.01.27"]
[Round "6.2"]
[White "Pedersen, Christian Kyndel"]
[Black "Palo, Davor"]
[Result "1-0"]
[WhiteElo "2443"]
[BlackElo "2551"]
[PlyCount "93"]
[EventDate "2012.10.27"]
[EventType "team-tourn"]
[EventRounds "9"]
[WhiteTeam "Jetsmark"]
[BlackTeam "TeamNordeaSkb"]
[WhiteTeamCountry "DEN"]
[BlackTeamCountry "DEN"]

1. e4 e5 2. Nf3 Nc6 3. Bb5 a6 4. Ba4 Nf6 5. O-O Bc5 6. c3 O-O 7. d4 Ba7 8. Bg5
h6 9. Bh4 exd4 10. Bxc6 dxc6 11. e5 dxc3 12. Qxd8 Rxd8 13. Nxc3 g5 14. Nxg5 Nd5
15. Nge4 Nxc3 16. bxc3 Rd3 17. Rfd1 Rxd1+ 18. Rxd1 Be6 19. a3 b5 20. Be7 Kg7
21. Nf6 c5 22. g4 a5 23. Kg2 Rb8 24. Ra1 c4 25. f4 Be3 26. Rd1 c6 27. Kf3 Bb6
28. f5 Bc8 29. Bd8 Bc5 30. Bxa5 Be7 31. Nh5+ Kh7 32. Bc7 Ra8 33. Bd6 Bxd6 34.
exd6 Rxa3 35. d7 Bxd7 36. Rxd7 Rxc3+ 37. Kf4 Kg8 38. Rd8+ Kh7 39. Nf6+ Kg7 40.
Nh5+ Kh7 41. Nf6+ Kg7 42. Ne4 Rh3 43. f6+ Kh7 44. Rf8 c3 45. Rxf7+ Kg8 46. Rg7+
Kf8 47. Nc5 1-0

[Event "XtraCon-Skakligaen"]
[Site "Denmark"]
[Date "2013.01.27"]
[Round "6.3"]
[White "Pedersen, Nicolai Vesterbaek"]
[Black "Ochsner, Bjorn Moller"]
[Result "1-0"]
[WhiteElo "2443"]
[BlackElo "2322"]
[PlyCount "59"]
[EventDate "2012.10.27"]
[EventType "team-tourn"]
[EventRounds "9"]
[WhiteTeam "TeamNordeaSkb"]
[BlackTeam "Jetsmark"]
[WhiteTeamCountry "DEN"]
[BlackTeamCountry "DEN"]

1. d4 Nf6 2. c4 e6 3. Nc3 Bb4 4. Qc2 O-O 5. a3 Bxc3+ 6. Qxc3 b6 7. Bg5 Bb7 8.
e3 d6 9. Ne2 Nbd7 10. Qd3 d5 11. Nc3 Ba6 12. Qc2 h6 13. Bh4 Qc8 14. cxd5 Bxf1
15. dxe6 Bxg2 16. exd7 Nxd7 17. Rg1 Bb7 18. Qf5 Re8 19. O-O-O Re6 20. d5 Re5
21. Qf4 Kf8 22. Rxg7 Kxg7 23. Rg1+ Rg5 24. Bxg5 hxg5 25. Rxg5+ Kf8 26. Rh5 Ke7
27. Qh4+ f6 28. Rh7+ Kd6 29. Qf4+ Kc5 30. Qb4# 1-0

[Event "XtraCon-Skakligaen"]
[Site "Denmark"]
[Date "2013.01.27"]
[Round "6.4"]
[White "Christensen, Stefan"]
[Black "Pedersen, Steffen"]
[Result "0-1"]
[WhiteElo "2296"]
[BlackElo "2419"]
[PlyCount "84"]
[EventDate "2012.10.27"]
[EventType "team-tourn"]
[EventRounds "9"]
[WhiteTeam "Jetsmark"]
[BlackTeam "TeamNordeaSkb"]
[WhiteTeamCountry "DEN"]
[BlackTeamCountry "DEN"]

1. e4 e5 2. Nf3 Nc6 3. Bc4 Bc5 4. c3 Nf6 5. d3 a6 6. Bb3 d6 7. O-O Ba7 8. Nbd2
O-O 9. h3 Ne7 10. Re1 Ng6 11. Nf1 Bd7 12. Ng3 Qc8 13. d4 Kh8 14. Ng5 Qe8 15.
Nh5 Ng8 16. Be3 f6 17. Nf3 N8e7 18. dxe5 dxe5 19. Bxa7 Rxa7 20. Qe2 Nc6 21.
Rad1 Ra8 22. a3 Na5 23. Ba2 Ba4 24. Rb1 Bb5 25. Qe3 Nc4 26. Qc1 Nd6 27. Nd2 Bc6
28. Qd1 Rd8 29. Qe2 f5 30. exf5 Rxf5 31. Nf1 Bxg2 32. Nfg3 Bf3 33. Nxg7 Qc6 34.
N7xf5 Bxe2 35. Nxd6 cxd6 36. Rxe2 Nf4 37. Re4 Qd7 38. Rbe1 Qxh3 39. Rxf4 exf4
40. Be6 Qh6 41. Nf5 Qg6+ 42. Kh2 f3 0-1

[Event "XtraCon-Skakligaen"]
[Site "Denmark"]
[Date "2013.01.27"]
[Round "6.5"]
[White "Berg, Klaus"]
[Black "Baekgaard, Martin"]
[Result "1/2-1/2"]
[WhiteElo "2390"]
[BlackElo "2313"]
[PlyCount "119"]
[EventDate "2012.10.27"]
[EventType "team-tourn"]
[EventRounds "9"]
[WhiteTeam "TeamNordeaSkb"]
[BlackTeam "Jetsmark"]
[WhiteTeamCountry "DEN"]
[BlackTeamCountry "DEN"]

1. g3 d5 2. Bg2 Nf6 3. Nf3 c6 4. O-O Bg4 5. d4 e6 6. Nbd2 Nbd7 7. Re1 Be7 8. e4
dxe4 9. Nxe4 O-O 10. c3 Qb6 11. Qb3 Nxe4 12. Rxe4 Bf5 13. Re1 a5 14. Ne5 Qxb3
15. axb3 Nf6 16. Nc4 Bc2 17. Bg5 Bd8 18. b4 a4 19. b5 Nd5 20. Bxd8 Rfxd8 21.
bxc6 bxc6 22. Rec1 Bb3 23. Nd2 Rab8 24. Ra3 Rb6 25. Nxb3 axb3 26. Bf1 Rdb8 27.
Rca1 g5 28. Bc4 Kg7 29. Kf1 Kf6 30. Ke2 e5 31. Kd3 R8b7 32. Ra6 exd4 33. Kxd4
Rxa6 34. Rxa6 Ne7 35. g4 Rd7+ 36. Ke3 Rd1 37. Bxb3 Rb1 38. Ba4 Nd5+ 39. Kd4 Nc7
40. Rxc6+ Ne6+ 41. Ke3 Rxb2 42. Rc8 Nf4 43. c4 Re2+ 44. Kf3 Ra2 45. Be8 Nd3 46.
Rc7 Ne5+ 47. Kg2 Rc2 48. c5 h6 49. c6 Ke6 50. h3 Kd6 51. Ra7 f6 52. Rh7 Nxc6
53. Rxh6 Ke5 54. Rh7 Nd4 55. Re7+ Kd6 56. Rd7+ Ke5 57. Bg6 Rb2 58. Re7+ Kd6 59.
Rf7 Ke5 60. Re7+ 1/2-1/2

[Event "XtraCon-Skakligaen"]
[Site "Denmark"]
[Date "2013.01.27"]
[Round "6.6"]
[White "Wiwe, Andreas"]
[Black "Boe, Mads"]
[Result "1-0"]
[WhiteElo "2272"]
[BlackElo "2362"]
[PlyCount "40"]
[EventDate "2012.10.27"]
[EventType "team-tourn"]
[EventRounds "9"]
[WhiteTeam "Jetsmark"]
[BlackTeam "TeamNordeaSkb"]
[WhiteTeamCountry "DEN"]
[BlackTeamCountry "DEN"]

1. e4 c6 2. d4 d5 3. Nc3 dxe4 4. Nxe4 Nf6 5. Nxf6+ gxf6 6. c3 Bf5 7. Nf3 Nd7 8.
g3 e6 9. Bg2 Bd6 10. O-O Qc7 11. Nh4 Bg6 12. Qe2 O-O-O 13. b4 f5 14. b5 c5 15.
a4 Nf6 16. Bg5 Be7 17. a5 Bh5 18. Qb2 Ne4 19. b6 axb6 20. axb6 Qd6 1-0

[Event "XtraCon-Skakligaen"]
[Site "Denmark"]
[Date "2013.01.27"]
[Round "6.7"]
[White "Andersen, Jackie"]
[Black "Jensen, Bjarke"]
[Result "1/2-1/2"]
[WhiteElo "2345"]
[BlackElo "2288"]
[PlyCount "57"]
[EventDate "2012.10.27"]
[EventType "team-tourn"]
[EventRounds "9"]
[WhiteTeam "TeamNordeaSkb"]
[BlackTeam "Jetsmark"]
[WhiteTeamCountry "DEN"]
[BlackTeamCountry "DEN"]

1. d4 d5 2. Nf3 Nf6 3. Bf4 c5 4. e3 Nc6 5. Nbd2 Qb6 6. dxc5 Qxc5 7. a3 Qb6 8.
b4 Nh5 9. b5 Nxf4 10. bxc6 Ne6 11. cxb7 Bxb7 12. Ne5 a6 13. c4 Nc5 14. cxd5
Bxd5 15. e4 Be6 16. Rb1 Qc7 17. Nd3 Rd8 18. Nxc5 Qxc5 19. Bxa6 Bd7 20. O-O e6
21. Nc4 Be7 22. Nb6 Bc6 23. Qe2 Qd4 24. Rfc1 Qxe4 25. f3 Bc5+ 26. Kh1 Qxe2 27.
Bxe2 Bxb6 28. Rxb6 Ba8 29. Rc7 1/2-1/2

[Event "XtraCon-Skakligaen"]
[Site "Denmark"]
[Date "2013.01.27"]
[Round "6.8"]
[White "Rathlev, Jakob"]
[Black "Lowenstein, Nicolai"]
[Result "1/2-1/2"]
[WhiteElo "2238"]
[BlackElo "2189"]
[PlyCount "144"]
[EventDate "2012.10.27"]
[EventType "team-tourn"]
[EventRounds "9"]
[WhiteTeam "Jetsmark"]
[BlackTeam "TeamNordeaSkb"]
[WhiteTeamCountry "DEN"]
[BlackTeamCountry "DEN"]

1. c4 c6 2. Nf3 d5 3. g3 Bg4 4. Bg2 e6 5. cxd5 exd5 6. O-O Nd7 7. d3 Bd6 8. Nc3
Ngf6 9. h3 Bh5 10. e4 dxe4 11. dxe4 Bxf3 12. Bxf3 Ne5 13. Bg2 Bc5 14. Qe2 Qd3
15. Rd1 Qxe2 16. Nxe2 O-O 17. Bf4 Rfe8 18. Rac1 Bb6 19. Nc3 h6 20. g4 g5 21.
Bh2 h5 22. gxh5 Nxh5 23. Ne2 Kg7 24. Kf1 Re6 25. Nd4 Bxd4 26. Rxd4 Nf4 27. h4
Rh8 28. Bg3 Nxg2 29. Kxg2 gxh4 30. Bxe5+ Rxe5 31. f4 Rb5 32. b3 h3+ 33. Kh2 Rh4
34. Rf1 Rh6 35. Rf3 Ra5 36. Rd2 Re6 37. Re2 Rc5 38. Rxh3 Rc1 39. Kg2 Rd1 40.
Kf2 Rd4 41. Kf3 a5 42. e5 a4 43. f5 Rd3+ 44. Kg2 Rxh3 45. Kxh3 Rh6+ 46. Kg4
axb3 47. axb3 Rh1 48. Rd2 Re1 49. Kf4 Rf1+ 50. Ke4 Re1+ 51. Kd4 Kf8 52. Ra2 Rb1
53. Kc4 Re1 54. Ra5 Re4+ 55. Kd3 Rb4 56. Kc3 Re4 57. b4 Ke7 58. Rc5 Kd7 59. b5
cxb5 60. Rxb5 Kc6 61. Ra5 b6 62. Ra7 Rxe5 63. Rxf7 Kd5 64. Rd7+ Kc6 65. Rf7 Kd5
66. Kb4 Ke4 67. f6 Kf5 68. Rf8 Re6 69. f7 Re7 70. Kb5 Kf6 71. Kxb6 Rxf7 72.
Rxf7+ Kxf7 1/2-1/2

[Event "XtraCon-Skakligaen"]
[Site "Denmark"]
[Date "2013.02.17"]
[Round "7.1"]
[White "Hector, Jonny"]
[Black "Hansen, Mads Smith"]
[Result "1-0"]
[WhiteElo "2539"]
[BlackElo "2364"]
[PlyCount "83"]
[EventDate "2012.10.27"]
[EventType "team-tourn"]
[EventRounds "9"]
[WhiteTeam "Nordkalotten"]
[BlackTeam "Obro"]
[WhiteTeamCountry "DEN"]
[BlackTeamCountry "DEN"]

1. e4 d5 2. exd5 Nf6 3. d4 Bg4 4. Ne2 Nxd5 5. c4 Nb6 6. Nbc3 e5 7. h3 Bh5 8. c5
N6d7 9. Be3 exd4 10. Qxd4 Bg6 11. O-O-O Nc6 12. Qg4 Nde5 13. Qg3 Nd3+ 14. Rxd3
Bxd3 15. Nf4 Bg6 16. Bb5 Be7 17. Rd1 Qc8 18. Ncd5 Bd8 19. h4 O-O 20. h5 Be4 21.
f3 Bxd5 22. Rxd5 Bf6 23. h6 g6 24. Bd2 Qe8 25. Nh5 Bh8 26. Qxc7 Qe6 27. Nf4 Qc8
28. Rd7 Ne5 29. Nd5 Re8 30. Ne7+ Rxe7 31. Rxe7 Qf5 32. Qxb7 Rd8 33. Qe4 Qf6 34.
Re8+ Rxe8 35. Bxe8 Qe7 36. Ba4 Qxc5+ 37. Kb1 Nc4 38. Bc1 Qc8 39. Bb3 Nd6 40.
Qe7 Qf8 41. Qxa7 Be5 42. Qc5 1-0

[Event "XtraCon-Skakligaen"]
[Site "Denmark"]
[Date "2013.02.17"]
[Round "7.2"]
[White "Skousen, Nikolai"]
[Black "Brynell, Stellan"]
[Result "0-1"]
[WhiteElo "2198"]
[BlackElo "2500"]
[PlyCount "67"]
[EventDate "2012.10.27"]
[EventType "team-tourn"]
[EventRounds "9"]
[WhiteTeam "Obro"]
[BlackTeam "Nordkalotten"]
[WhiteTeamCountry "DEN"]
[BlackTeamCountry "DEN"]

1. c4 e5 2. g3 d6 3. Bg2 f5 4. d4 Be7 5. Nc3 Nf6 6. Nf3 e4 7. Ng5 c6 8. d5 O-O
9. O-O Na6 10. f3 h6 11. Nh3 exf3 12. exf3 Qe8 13. Re1 Qf7 14. Nf4 Nc7 15. Ne6
Bxe6 16. dxe6 Qh5 17. Qb3 Rab8 18. c5 d5 19. Na4 g5 20. Bd2 Nb5 21. Qd3 Ne8 22.
b4 Bf6 23. Rad1 Ng7 24. Kh1 Rbe8 25. g4 fxg4 26. fxg4 Qxg4 27. Bh3 Qh5 28. Rg1
Be5 29. Rde1 Rf3 30. Qe2 Rxh3 31. Qxe5 Rxe6 32. Qb8+ Re8 33. Rxe8+ Qxe8 34. Re1
0-1

[Event "XtraCon-Skakligaen"]
[Site "Denmark"]
[Date "2013.02.17"]
[Round "7.3"]
[White "Kristensen, Kaare Hove"]
[Black "Jorgensen, Dennis"]
[Result "0-1"]
[WhiteElo "2336"]
[BlackElo "2207"]
[PlyCount "56"]
[EventDate "2012.10.27"]
[EventType "team-tourn"]
[EventRounds "9"]
[WhiteTeam "Nordkalotten"]
[BlackTeam "Obro"]
[WhiteTeamCountry "DEN"]
[BlackTeamCountry "DEN"]

1. e4 c6 2. d4 d5 3. exd5 cxd5 4. c4 Nf6 5. Nc3 e6 6. c5 Be7 7. Qc2 O-O 8. Nf3
b6 9. b4 a5 10. Na4 Nbd7 11. b5 Ne4 12. Be3 e5 13. Nxe5 Nxe5 14. Nxb6 Ng4 15.
Nxa8 Nxe3 16. fxe3 Bh4+ 17. g3 Qg5 18. O-O-O Qxe3+ 19. Kb2 Bf6 20. Qd3 Nf2 21.
Qxe3 Nxd1+ 22. Kb3 Nxe3 23. c6 Bf5 24. Nc7 Bxd4 25. Be2 Bc2+ 26. Ka3 Bb6 27.
Na6 d4 28. Bf3 Nc4# 0-1

[Event "XtraCon-Skakligaen"]
[Site "Denmark"]
[Date "2013.02.17"]
[Round "7.4"]
[White "Kaaber Hansen, Jacob"]
[Black "Sylvan, Jacob"]
[Result "0-1"]
[WhiteElo "2257"]
[BlackElo "2313"]
[PlyCount "68"]
[EventDate "2012.10.27"]
[EventType "team-tourn"]
[EventRounds "9"]
[WhiteTeam "Obro"]
[BlackTeam "Nordkalotten"]
[WhiteTeamCountry "DEN"]
[BlackTeamCountry "DEN"]

1. c4 g6 2. g3 Bg7 3. Bg2 Nf6 4. e4 d6 5. Ne2 O-O 6. O-O c5 7. Nbc3 Nc6 8. a3
Be6 9. d3 Qc8 10. Rb1 Bh3 11. b4 h5 12. f3 Bxg2 13. Kxg2 h4 14. g4 Nxg4 15.
fxg4 Qxg4+ 16. Kh1 f5 17. b5 Na5 18. Nd5 fxe4 19. Nef4 Qxd1 20. Rxd1 exd3 21.
Nxe7+ Kh7 22. Nfxg6 Rf2 23. Be3 Re2 24. Rxd3 Nxc4 25. Bg5 Ne5 26. Rxd6 h3 27.
Re6 Rd8 28. Nf4 Rb2 29. Re1 Nf3 30. R6e2 Nxe1 31. Rxb2 Rd1 32. Nxh3 Bxb2 33.
Nf2 Rb1 34. Be3 Nc2+ 0-1

[Event "XtraCon-Skakligaen"]
[Site "Denmark"]
[Date "2013.02.17"]
[Round "7.5"]
[White "Nielsen, Lars Aaes"]
[Black "Schou Moldt, Thomas"]
[Result "1-0"]
[WhiteElo "2260"]
[BlackElo "2226"]
[PlyCount "53"]
[EventDate "2012.10.27"]
[EventType "team-tourn"]
[EventRounds "9"]
[WhiteTeam "Nordkalotten"]
[BlackTeam "Obro"]
[WhiteTeamCountry "DEN"]
[BlackTeamCountry "DEN"]

1. e4 g6 2. d4 Bg7 3. Nc3 d6 4. Nf3 Nf6 5. Be2 O-O 6. O-O a6 7. h3 b5 8. e5
Nfd7 9. a4 b4 10. Nd5 a5 11. e6 Nf6 12. exf7+ Rxf7 13. Nf4 e6 14. Ng5 Re7 15.
d5 e5 16. Nfe6 Qd7 17. f4 Bh8 18. fxe5 dxe5 19. Bc4 Ba6 20. Rxf6 Bxf6 21. Qf3
Bxc4 22. Qxf6 Re8 23. Be3 Na6 24. Rd1 Bxd5 25. Rxd5 Qe7 26. Qxe5 h6 27. Bd4 1-0

[Event "XtraCon-Skakligaen"]
[Site "Denmark"]
[Date "2013.02.17"]
[Round "7.6"]
[White "Thestrup, Sixten"]
[Black "Pedersen, Daniel V"]
[Result "1-0"]
[WhiteElo "2072"]
[BlackElo "2274"]
[PlyCount "84"]
[EventDate "2012.10.27"]
[EventType "team-tourn"]
[EventRounds "9"]
[WhiteTeam "Obro"]
[BlackTeam "Nordkalotten"]
[WhiteTeamCountry "DEN"]
[BlackTeamCountry "DEN"]

1. c4 e6 2. g3 d5 3. Bg2 Nf6 4. Nf3 dxc4 5. Qa4+ Nbd7 6. Qxc4 c5 7. a4 b6 8.
O-O Bb7 9. a5 Be7 10. d3 O-O 11. Nc3 Rc8 12. a6 Bxf3 13. Bxf3 Ne5 14. Qf4 Nxf3+
15. Qxf3 Qd7 16. Bg5 Rfd8 17. Rfd1 h6 18. Bxf6 Bxf6 19. Qe4 Bxc3 20. bxc3 c4
21. d4 b5 22. Rdb1 Rb8 23. Ra5 Rb6 24. Qe5 Rdb8 25. Qc5 Kh7 26. e4 Rc8 27. Qe5
f6 28. Qh5 b4 29. d5 b3 30. Qe2 exd5 31. exd5 Rb5 32. Rxb5 Qxb5 33. Qe4+ Kh8
34. d6 Rd8 35. Qb7 Qxb7 36. axb7 Kg8 37. Ra1 Kf8 38. Kg2 Ke8 39. d7+ Kxd7 40.
Rd1+ Kc7 41. Rxd8 Kxb7 42. Kf1 a5 1-0

[Event "XtraCon-Skakligaen"]
[Site "Denmark"]
[Date "2013.02.17"]
[Round "7.7"]
[White "Jakobsen, Peter"]
[Black "Simonsen, Carsten"]
[Result "1/2-1/2"]
[WhiteElo "2255"]
[BlackElo "2187"]
[PlyCount "69"]
[EventDate "2012.10.27"]
[EventType "team-tourn"]
[EventRounds "9"]
[WhiteTeam "Nordkalotten"]
[BlackTeam "Obro"]
[WhiteTeamCountry "DEN"]
[BlackTeamCountry "DEN"]

1. d4 Nf6 2. c4 g6 3. Nc3 d5 4. cxd5 Nxd5 5. e4 Nxc3 6. bxc3 c5 7. Bc4 Bg7 8.
Ne2 Nc6 9. Be3 O-O 10. O-O b6 11. Rc1 Bb7 12. Qd2 e6 13. h4 cxd4 14. cxd4 Qxh4
15. f3 Qd8 16. Rfd1 Na5 17. Bb5 a6 18. Bd3 Qd6 19. e5 Qd7 20. Rb1 Rfc8 21. Rxb6
Nc4 22. Bxc4 Rxc4 23. Rdb1 Bd5 24. Nf4 Bf8 25. Rb8 Rxb8 26. Rxb8 Rc8 27. Nxd5
exd5 28. Qb2 Qc7 29. Rxc8 Qxc8 30. Qb3 Qc6 31. a4 a5 32. Qb5 Qc3 33. Bf2 Qc1+
34. Qf1 Qc2 35. Qb5 1/2-1/2

[Event "XtraCon-Skakligaen"]
[Site "Denmark"]
[Date "2013.02.17"]
[Round "7.8"]
[White "Rhee, Alexander"]
[Black "Ejsing, Esben"]
[Result "1-0"]
[WhiteElo "2183"]
[BlackElo "2159"]
[PlyCount "63"]
[EventDate "2012.10.27"]
[EventType "team-tourn"]
[EventRounds "9"]
[WhiteTeam "Obro"]
[BlackTeam "Nordkalotten"]
[WhiteTeamCountry "DEN"]
[BlackTeamCountry "DEN"]

1. c4 Nf6 2. Nc3 c5 3. g3 g6 4. Bg2 Bg7 5. a3 Nc6 6. Rb1 a5 7. Nf3 e5 8. d3 d6
9. O-O O-O 10. Ne1 Ng4 11. h3 Nh6 12. Nc2 f5 13. f4 Nf7 14. Ne3 g5 15. fxg5 f4
16. gxf4 exf4 17. Ned5 Nxg5 18. Nxf4 Bd4+ 19. e3 Be5 20. Ncd5 Kh8 21. Kh1 Ne7
22. Qh5 Nf5 23. Ng6+ Kg7 24. Rxf5 Rxf5 25. Nge7 Bf6 26. Nxf5+ Bxf5 27. Nxf6
Qxf6 28. e4 Nxe4 29. dxe4 Bg6 30. Bh6+ Kh8 31. Qg5 Rf8 32. Rf1 1-0

[Event "XtraCon-Skakligaen"]
[Site "Denmark"]
[Date "2013.02.17"]
[Round "7.1"]
[White "Rasmussen, Allan Stig"]
[Black "Sorensen, Jan"]
[Result "1-0"]
[WhiteElo "2511"]
[BlackElo "2429"]
[PlyCount "65"]
[EventDate "2012.10.27"]
[EventType "team-tourn"]
[EventRounds "9"]
[WhiteTeam "Jetsmark"]
[BlackTeam "Aarhus/Skolerne"]
[WhiteTeamCountry "DEN"]
[BlackTeamCountry "DEN"]

1. d4 Nf6 2. c4 e6 3. Nc3 Bb4 4. e3 b6 5. Nge2 c5 6. a3 Ba5 7. Rb1 Na6 8. g3
Bb7 9. d5 b5 10. Bg2 bxc4 11. O-O Bxc3 12. Nxc3 exd5 13. Nxd5 Nxd5 14. Bxd5 Qb6
15. Bxc4 O-O 16. Qxd7 Rad8 17. Qf5 Bc8 18. Qh5 Be6 19. Be2 Bb3 20. Ra1 Rfe8 21.
Qg4 Be6 22. Qa4 c4 23. b4 Bd5 24. Rd1 Qf6 25. Ra2 Nc7 26. Rad2 Bc6 27. Qc2 Rxd2
28. Bxd2 Ne6 29. Bc3 Qh6 30. Rd6 Ba8 31. Qf5 Rc8 32. Bh5 Rf8 33. h4 1-0

[Event "XtraCon-Skakligaen"]
[Site "Denmark"]
[Date "2013.02.17"]
[Round "7.2"]
[White "Rasmussen, Karsten"]
[Black "Pedersen, Christian Kyndel"]
[Result "1-0"]
[WhiteElo "2435"]
[BlackElo "2443"]
[PlyCount "113"]
[EventDate "2012.10.27"]
[EventType "team-tourn"]
[EventRounds "9"]
[WhiteTeam "Aarhus/Skolerne"]
[BlackTeam "Jetsmark"]
[WhiteTeamCountry "DEN"]
[BlackTeamCountry "DEN"]

1. d4 Nf6 2. c4 e6 3. Nc3 Bb4 4. e3 c5 5. Nge2 d5 6. a3 Bxc3+ 7. Nxc3 cxd4 8.
exd4 dxc4 9. Bxc4 Nc6 10. Be3 O-O 11. O-O b6 12. Qf3 Bb7 13. Bd3 Qd7 14. Qh3
Ne7 15. Bg5 Ng6 16. Bxf6 gxf6 17. Rad1 Rad8 18. Rfe1 Bd5 19. Be4 Bb3 20. Rd2 f5
21. Bf3 Qe7 22. Qh6 Qf6 23. d5 e5 24. Bd1 Bc4 25. h4 Rd6 26. h5 Qh4 27. g3 Qh3
28. Qe3 f4 29. Qf3 f5 30. hxg6 fxg3 31. gxh7+ Qxh7 32. fxg3 e4 33. Qg2 Rg6 34.
Be2 e3 35. Rd4 Qg7 36. Rxc4 Rxg3 37. Rg4 Rxg4 38. Bxg4 fxg4 39. d6 Rf3 40. Rf1
Qd4 41. Nb5 Rxf1+ 42. Qxf1 Qd2 43. Qc4+ Kh7 44. Qf7+ Kh6 45. Qf4+ Kg6 46. Qxg4+
Kf7 47. Qf4+ Kg6 48. Nd4 Qd1+ 49. Kg2 Qd2+ 50. Kf3 Qxb2 51. Qxe3 Qh2 52. Qe4+
Kg7 53. Ne6+ Kf6 54. Qf4+ Qxf4+ 55. Nxf4 b5 56. Ke4 a5 57. Kd5 1-0

[Event "XtraCon-Skakligaen"]
[Site "Denmark"]
[Date "2013.02.17"]
[Round "7.3"]
[White "Christensen, Stefan"]
[Black "Skytte, Rasmus"]
[Result "0-1"]
[WhiteElo "2296"]
[BlackElo "2406"]
[PlyCount "56"]
[EventDate "2012.10.27"]
[EventType "team-tourn"]
[EventRounds "9"]
[WhiteTeam "Jetsmark"]
[BlackTeam "Aarhus/Skolerne"]
[WhiteTeamCountry "DEN"]
[BlackTeamCountry "DEN"]

1. e4 d6 2. d4 Nf6 3. Nc3 g6 4. Be3 a6 5. Bd3 Bg7 6. Nf3 b5 7. e5 Ng4 8. Bf4 b4
9. Ne4 Nc6 10. exd6 cxd6 11. h3 Nf6 12. Nxf6+ Bxf6 13. Bh6 Qa5 14. Bc4 Bb7 15.
Qd2 Nxd4 16. Nxd4 Qc5 17. Bxf7+ Kxf7 18. O-O-O Rhc8 19. Nf3 Be4 20. Ne1 Qe5 21.
Nd3 Bxd3 22. Qxd3 Qxb2+ 23. Kd2 Qxa2 24. Qb3+ Qxb3 25. cxb3 Rc3 26. Rb1 Rac8
27. Rhc1 Bd4 28. f3 e5 0-1

[Event "XtraCon-Skakligaen"]
[Site "Denmark"]
[Date "2013.02.17"]
[Round "7.4"]
[White "Christensen, Tobias"]
[Black "Baekgaard, Martin"]
[Result "1-0"]
[WhiteElo "2362"]
[BlackElo "2313"]
[PlyCount "193"]
[EventDate "2012.10.27"]
[EventType "team-tourn"]
[EventRounds "9"]
[WhiteTeam "Aarhus/Skolerne"]
[BlackTeam "Jetsmark"]
[WhiteTeamCountry "DEN"]
[BlackTeamCountry "DEN"]

1. e4 e6 2. d4 d5 3. Nd2 c5 4. exd5 Qxd5 5. dxc5 Bxc5 6. Qf3 Nf6 7. Bc4 Qc6 8.
c3 O-O 9. Ne2 a6 10. Qxc6 Nxc6 11. Nb3 Ba7 12. Ng3 h6 13. O-O Rd8 14. Be2 Bd7
15. h3 Be8 16. Bf4 g5 17. Bd2 Ne5 18. c4 Rac8 19. Ba5 Rd6 20. Bb4 Rdc6 21. Na5
Nxc4 22. Nxc6 Rxc6 23. Bf3 Nd5 24. Bxd5 exd5 25. Nf5 Nxb2 26. Ne7+ Kh7 27. Nxc6
Bxc6 28. Bc3 Nd3 29. Rad1 Bb5 30. Rd2 d4 31. Ba1 Nf4 32. Rb1 Bc6 33. Rb4 Nxg2
34. Bxd4 Nh4 35. Rd3 Bxd4 36. Rbxd4 Nf3+ 37. Rxf3 Bxf3 38. Rd6 Kg7 39. Kh2 f6
40. Kg3 Bc6 41. h4 gxh4+ 42. Kxh4 Kg6 43. Rd3 Be8 44. Rd8 Bc6 45. Rg8+ Kh7 46.
Rg4 Bd7 47. Rg3 Bc6 48. a3 Bd7 49. Rg1 Bc6 50. Rg4 Bd7 51. Rg3 Bc6 52. Kg4 Kg6
53. Kf4+ Kf7 54. Rd3 Kg6 55. Rd8 Bb5 56. Rg8+ Kf7 57. Rh8 Kg7 58. Rd8 Kg6 59.
Rg8+ Kf7 60. Rh8 Kg7 61. Rb8 Bc6 62. Kg4 Kg6 63. Rg8+ Kf7 64. Rd8 Kg6 65. Rd6
Bb5 66. Rb6 Bc6 67. Rb3 Bd7+ 68. Kh4 Bc6 69. Rg3+ Kh7 70. f4 Bd7 71. Kh5 Be8+
72. Kg4 Bd7+ 73. f5 Bb5 74. Re3 Kg8 75. Kh5 Kf7 76. Kxh6 Bd7 77. Rf3 b5 78. Kh5
a5 79. Kg4 Bc6 80. Rc3 Bd7 81. Rc7 Ke7 82. Ra7 Kd6 83. Kf4 b4 84. axb4 axb4 85.
Rb7 Ke7 86. Rxb4 Kd6 87. Rb6+ Ke7 88. Rb2 Kf7 89. Rd2 Ke7 90. Rh2 Be8 91. Rh6
Bf7 92. Ke4 Bg8 93. Kd4 Bb3 94. Rh7+ Bf7 95. Kc5 Kf8 96. Rxf7+ Kxf7 97. Kd6 1-0